Between the acts / (Record no. 328475)

000 -LEADER
fixed length control field 01005cam a2200289 a 4500
001 - CONTROL NUMBER
control field 4421448
003 - CONTROL NUMBER IDENTIFIER
control field Nust
005 - DATE AND TIME OF LATEST TRANSACTION
control field 20170407154641.0
008 - FIXED-LENGTH DATA ELEMENTS--GENERAL INFORMATION
fixed length control field 931123r19921990enk 000 1 eng d
010 ## - LIBRARY OF CONGRESS CONTROL NUMBER
LC control number 93143293
020 ## - INTERNATIONAL STANDARD BOOK NUMBER
International Standard Book Number 9780141184524 (pbk) :
Terms of availability £6.99
035 ## - SYSTEM CONTROL NUMBER
System control number (OCoLC)28376793
040 ## - CATALOGING SOURCE
Original cataloging agency Uk
Transcribing agency Uk
Modifying agency DLC
050 00 - LIBRARY OF CONGRESS CALL NUMBER
Classification number PR6045.O72
Item number B42 1992
082 00 - DEWEY DECIMAL CLASSIFICATION NUMBER
Classification number 823.912
Author Mark WOO
100 1# - MAIN ENTRY--PERSONAL NAME
Personal name Woolf, Virginia,
Dates associated with a name 1882-1941.
245 10 - TITLE STATEMENT
Title Between the acts /
Statement of responsibility, etc. Virginia Woolf.
260 ## - PUBLICATION, DISTRIBUTION, ETC.
Place of publication, distribution, etc. London :
Name of publisher, distributor, etc. Hogarth,
Date of publication, distribution, etc. 1992.
300 ## - PHYSICAL DESCRIPTION
Extent xiv, 149 p. ;
Dimensions 24 cm.
490 1# - SERIES STATEMENT
Series statement The definitive collected edition of the novels of Virginia Woolf
650 #0 - SUBJECT ADDED ENTRY--TOPICAL TERM
Topical term or geographic name entry element Pageants
General subdivision Fiction.
655 #7 - INDEX TERM--GENRE/FORM
Genre/form data or focus term Psychological fiction.
Source of term lcsh
800 1# - SERIES ADDED ENTRY--PERSONAL NAME
Personal name Woolf, Virginia,
Dates associated with a name 1882-1941.
Title of a work Novels.
906 ## - LOCAL DATA ELEMENT F, LDF (RLIN)
a 7
b cbc
c orignew
d 3
e ncip
f 19
g y-gencatlg
942 ## - ADDED ENTRY ELEMENTS (KOHA)
Source of classification or shelving scheme
Koha item type Book
Holdings
Withdrawn status Lost status Source of classification or shelving scheme Damaged status Not for loan Permanent Location Current Location Shelving location Date acquired Total Checkouts Total Renewals Full call number Barcode Date last seen Date last checked out Copy number Price effective from Koha item type
          Central Library (CL) Central Library (CL) Fiction 04/07/2017 4 1 823.912 WOO CL1479 09/22/2023 03/07/2022 1 04/07/2017 Book
© 2023 Central Library, National University of Sciences and Technology. All Rights Reserved.